Ο εχθρός του ποιητή
Αποθηκεύτηκε σε:
| Κύριος συγγραφέας: | |
|---|---|
| Μορφή: | Βιβλίο |
| Γλώσσα: | Greek |
| Δημοσίευση: |
Αθήνα :
Κέδρος,
c1990.
|
| Έκδοση: | 2η εκδ. |
| Θέματα: | |
| Ετικέτες: |
Προσθήκη ετικέτας
Δεν υπάρχουν, Καταχωρήστε ετικέτα πρώτοι!
|
MARC
| LEADER | 00000cam a2200000 i 4500 | ||
|---|---|---|---|
| 001 | 1/22166 | ||
| 008 | 120731s1990 gr | ||| |||| ||gre|| | ||
| 020 | |a 9600403619 | ||
| 035 | |l 10113006 | ||
| 040 | |a GR-MyUa |b gre |e AACR2 | ||
| 041 | 0 | |a gre | |
| 082 | 7 | |a 889.3 |2 (22) | |
| 100 | 1 | |a Χειμωνάς, Γιώργος, |d 1939-2000. | |
| 245 | 1 | 2 | |a Ο εχθρός του ποιητή / |c Γιώργος Χειμωνάς. |
| 250 | |a 2η εκδ. | ||
| 260 | |a Αθήνα : |b Κέδρος, |c c1990. | ||
| 300 | |a 68 σ. ; |c 21 εκ. | ||
| 650 | 0 | |a Greek fiction. | |
| 852 | |a INST |b SYROS |e 20120731 |h 889.3 XEI |p 005500010078 |q 005500010078 |t BK |y 0 | ||
| 901 | |a BIBL5-2012-2 | ||
| 970 | |a Κοντού |b Παρασκευή |z 31/07/2012 | ||